000 00233 a2200097 4500
001 90839
082 _a796.358092 YUV
090 _c43013
_d43013
100 _aYuvraj Singh
245 _aThe Test of My Life
_cYuvraj Singh
_hEnglish
942 _aCAE NUST
_k796.358092 YUV
999 _c325912
_d325912